London office policy review 2006 (Record no. 105939)

MARC details
000 -LEADER
fixed length control field 01127cam a2200241 4500
001 - CONTROL NUMBER
control field ##L135181
008 - FIXED-LENGTH DATA ELEMENTS--GENERAL INFORMATION
fixed length control field 061003n2006 000 0 eng u
020 ## - INTERNATIONAL STANDARD BOOK NUMBER
International Standard Book Number 185261904X
035 ## - SYSTEM CONTROL NUMBER
System control number (Sirsi) u135181
041 0# - LANGUAGE CODE
Language code of text/sound track or separate title eng
050 04 - LIBRARY OF CONGRESS CALL NUMBER
Classification number 333.33 $2 18
100 1# - MAIN ENTRY--PERSONAL NAME
Personal name Chippendale, David
245 00 - TITLE STATEMENT
Title London office policy review 2006
Remainder of title a review of office market trends 2004-2006 and their implications for strategic planning policy
260 ## - PUBLICATION, DISTRIBUTION, ETC.
Place of publication, distribution, etc. London
Name of publisher, distributor, etc. Mayor of London
Date of publication, distribution, etc. 2006
520 ## - SUMMARY, ETC.
Summary, etc. Provides current information on the supply and demand for London offices, and assesses how the office market is affected by planning policy. Includes information on developments in the planning pipeline as well as forecasts for demand and capacity. Tables and graphs.
590 ## - LOCAL NOTE (RLIN)
Local note IKA171006 NTK
651 #4 - SUBJECT ADDED ENTRY--GEOGRAPHIC NAME
Geographic name LONDON
690 ## - LOCAL SUBJECT ADDED ENTRY--TOPICAL TERM (OCLC, RLIN)
Topical term or geographic name as entry element PROPERTY-COMMERCIAL PROPERTY-OFFICE PROPERTY
700 1# - ADDED ENTRY--PERSONAL NAME
Personal name Marsh, Geoff
710 1# - ADDED ENTRY--CORPORATE NAME
Corporate name or jurisdiction name as entry element London
Subordinate unit Greater London Authority
-- Mayor of London
9 (RLIN) 4869
856 40 - ELECTRONIC LOCATION AND ACCESS
Uniform Resource Identifier <a href="https://legacy.london.gov.uk/mayor/planning/docs/lopr-06.pdf">https://legacy.london.gov.uk/mayor/planning/docs/lopr-06.pdf</a>
Public note View the report free of charge at the www.london.gov.uk website.
942 ## - ADDED ENTRY ELEMENTS (KOHA)
Suppress in OPAC 0
Holdings
Withdrawn status Lost status Source of classification or shelving scheme Damaged status Not for loan Home library Current library Shelving location Date acquired Total Checkouts Full call number Barcode Date last seen Copy number Price effective from Koha item type
    Dewey Decimal Classification     Virtual Virtual Online 03/10/2006   ONLINE PUBLICATION 135181-1001 06/08/2019 1 06/08/2019 Book